Bilecik Bilecik Bilecik Bilecik Bilecik

Akşam güneşi : (Record no. 18773)

MARC details
000 -BAŞLIK
Sabit Uzunluktaki Kontrol Alanı 00905nam a22003137a 4500
001 - KONTROL NUMARASI
Control Dosyası 0018816
003 - KONTROL NUMARASI KİMLİĞİ
Kontrol Alanı KOHA_MİRAKIL
005 - EN SON İŞLEM TARİHİ ve ZAMANI
Kontrol Alanı 20260207002218.0
007 - FİZİKSEL TANIM SABİT ALAN - GENEL BİLGİ
Sabit uzunluklu kontrol alanı ta
008 - SABİT UZUNLUKTAKİ VERİ ÖGELERİ - GENEL BİLGİ
Sabit Alan 100705b2002 tu |||gr||||#0|||1|tur |
020 ## - ISBN - ULUSLARARASI STANDART KİTAP NUMARASI
Isbn 9751000114
040 ## - KATALOGLAMA KAYNAĞI
Özgün Kataloglama Kurumu TR-BiSEU
Kataloglama Dili tur
Çeviri Kurumu TR-BiSEU
Açıklama Kuralları rda
041 0# - DİL KODU
Metin ya da ses kaydının dil kodu tur
044 ## - YAYINLAYAN/ÜRETEN KURULUŞUN ÜLKE KODU
ISO country code tu
050 ## - SINIFLAMA ve YER NUMARASI
Sınıflama Numarası PL248
Yer Numarası .G86 2002
100 1# - KİŞİ ADI
Yazar Adı (Kişi adı) Güntekin, Reşat Nuri.
245 1# - ESER ADI BİLDİRİMİ
Başlık Akşam güneşi :
Alt Eseradı vb. roman/
Sorumluluk Bildirimi Reşat Nuri Güntekin ; Reşat Nuri Güntekin.
264 #1 - ÜRERİM, YAYIN, DAĞITIM ve TELİF BİLDİRİMİ
Yayın yeri İstanbul :
Yayınlayan İnkılap
Yayın tarihi 2002
300 ## - FİZİKSEL TANIMLAMA
Sayfa, Cilt vb. 341 s. ;
Boyutları 20 cm.
336 ## - İÇERİK TÜRÜ
Content type term metin
Content type code txt
Source rdacontent
337 ## - MEDYA TÜRÜ
Media type term aracısız
Media type code n
Source rdamedia
338 ## - TAŞIYICI TÜRÜ
Carrier type term cilt
Carrier type code nc
Source rdacarrier
490 1# - DİZİ BİLDİRİMİ
Dizi Bildirimi Reşat Nuri Güntekin dizisi ;
Cilt Numarası 4.
650 #0 - KONU BAŞLIĞI EK GİRİŞ - KONU TERİMİ
Konusal terim veya coğrafi ad Türk romanı.
9 (RLIN) 5504
650 #0 - KONU BAŞLIĞI EK GİRİŞ - KONU TERİMİ
Konusal terim veya coğrafi ad Turkish fiction.
9 (RLIN) 6661
830 1# - SERİ EK GİRİŞİ - TEKBİÇİM ESER ADI
Tekbiçim Başlık Reşat Nuri Güntekin dizisi ;
Volume number/sequential designation 4.
9 (RLIN) 31776
907 ## - LOCAL DATA ELEMENT G, LDG (RLIN)
a Roman
942 ## - EK GİRİŞ ÖGELERİ (KOHA)
Source of classification or shelving scheme Library of Congress Classification
Koha item type Book
Holdings
Materyal Türü Kalıcı Konum Mevcut Konum Sınıflandırma Kaynağı Edinim Bilgisi Ana Konular Alt Konular Yer Numarası Demirbaş Numarası Fatura Tarihi Maliyet, Alış Fiyatı Maliyet, Yenileme Fiyatı Geri Çekilme Durumu Kayıp Durumu Hasarlı Durumu Kredi için değil Kayıt Tarih Toplam Ödünçverme Son Görülme Tarihi Son Kontrol Tarihi Genel / Bağış Notu
Book BŞEÜ Gölpazarı MYO Kütüphanesi BŞEÜ Gölpazarı MYO Kütüphanesi Library of Congress Classification Bağış DİL VE EDEBİYAT Doğu Asya, Afrika, Okyanusya Dilleri ve Edebiyatları PL248 .G86 2002 0018816 02/02/2026 6.00 6.00         05/07/2010 2 05/12/2024 05/12/2024 Genel Bağış